Ingeniería ambiental /

Enfocado a los problemas ambientales actuales, sus causas, efectos y soluciones, este texto explora la naturaleza fundamental de los sistemas naturales. Con base en un enfoque técnico (cuantitativo), poco frecuente en un libro de nivel introductorio, conserva una perspectiva amplia que es atractiva...

Full description

Bibliographic Details
Main Author: Henry, J. Glynn 1926-
Other Authors: Heinke, Gary W. 1932-
Format: Libro
Language:Spanish
Published: Mexico Pearson Educación 1999
Edition:2a. ed.
Subjects:
Online Access:

MARC

LEADER 00000cam a2200000 a 4500
001 018603
003 UAHC_CL
005 20170803121641.0
008 080114s1999 mx 000 spa
020 |a 9701702662 
040 |a UAHC_CL  |c UAHC_CL  |d UAHC_CL 
082 0 4 |a 628  |b H522  |2 21 
100 1 |a Henry, J. Glynn  |d 1926- 
240 1 0 |a Environmental science and engineering.  |l Español 
245 1 0 |a Ingeniería ambiental /  |c J. Glynn Henry y Gary W. Heinke ; traducción Héctor Javier Escalona y García. 
250 |a 2a. ed. 
260 |b Pearson Educación  |a Mexico  |c 1999 
300 |a xxii, 778 p. 
520 |a Enfocado a los problemas ambientales actuales, sus causas, efectos y soluciones, este texto explora la naturaleza fundamental de los sistemas naturales. Con base en un enfoque técnico (cuantitativo), poco frecuente en un libro de nivel introductorio, conserva una perspectiva amplia que es atractiva para el estudiante y que al mismo tiempo es útil para quienes prosiguen con estudios más avanzados de ingeniería ambiental o sanitaria. 
650 4 |a PROTECCION DEL MEDIO AMBIENTE 
650 4 |a INGENIERIA AMBIENTAL 
653 |a INGENIERIA DE EJECUCION EN GESTION AMBIENTAL 
700 1 |a Heinke, Gary W.  |d 1932- 
900 |a 628 HEN 
942 |c BK 
952 |0 0  |1 0  |2 ddc  |4 0  |6 628_000000000000000_HEN  |7 0  |8 COMP  |9 37266  |a BC  |b BC  |c General  |d 2017-08-03  |l 0  |o 628 HEN  |p 1362182  |r 2026-01-13 00:00:00  |t c.1  |w 2017-08-03  |y BK 
952 |0 0  |1 0  |2 ddc  |4 0  |6 628_000000000000000_HEN  |7 0  |8 COMP  |9 37267  |a BC  |b BC  |c General  |d 2017-08-03  |l 0  |o 628 HEN  |p 1362183  |r 2026-01-13 00:00:00  |t c.2  |w 2017-08-03  |y BK 
999 |c 18603  |d 18603